A szegedi egyetem képviselői a szófiai egyetem jubileumán [rövid. hír]
Elmentve itt :
| Dokumentumtípus: | Cikk |
|---|---|
| Megjelent: |
1939-05-26
|
| Sorozat: | Délmagyarország
15 No. 119 |
| Kulcsszavak: | Bothár Béla, Csekey István, Külföldi tanulmányút |
| Online Access: | http://dmarchiv.bibl.u-szeged.hu/33283 |
| LEADER | 00491nab a2200145 i 4500 | ||
|---|---|---|---|
| 001 | delm33283 | ||
| 005 | 20180927105623.0 | ||
| 008 | 180927s1939 hu o 0|| hun d | ||
| 040 | |a SZTE Délmagyarország Archívum |b hun | ||
| 041 | |a hun | ||
| 245 | 0 | 2 | |a A szegedi egyetem képviselői a szófiai egyetem jubileumán |h [elektronikus dokumentum] : |b [rövid. hír] |
| 260 | |c 1939-05-26 | ||
| 300 | |a 5 | ||
| 490 | 0 | |a Délmagyarország |v 15 No. 119 | |
| 695 | |a Bothár Béla, Csekey István, Külföldi tanulmányút | ||